Retail warehouse performance (Record no. 73658)
[ view plain ]
| 000 -LEADER | |
|---|---|
| fixed length control field | 01524cam a2200265 4500 |
| 001 - CONTROL NUMBER | |
| control field | ABS67141 |
| 008 - FIXED-LENGTH DATA ELEMENTS--GENERAL INFORMATION | |
| fixed length control field | 031028n2003 000 0 eng u |
| 035 ## - SYSTEM CONTROL NUMBER | |
| System control number | (Sirsi) u124069 |
| 100 ## - MAIN ENTRY--PERSONAL NAME | |
| Personal name | Morley, S. |
| 245 ## - TITLE STATEMENT | |
| Title | Retail warehouse performance |
| 260 ## - PUBLICATION, DISTRIBUTION, ETC. | |
| Date of publication, distribution, etc. | 2003 |
| 490 ## - SERIES STATEMENT | |
| Series statement | Journal of Retail and Leisure Property |
| Volume/sequential designation | 3(2) 2003, 142-149(8) |
| 520 ## - SUMMARY, ETC. | |
| Summary, etc. | Strong retail warehouse rental growth and investment return performance have been evident for much of last decade. Examines the underlying causes of such strong performance in terms of occupational demand and supply and looks at forecasts for key economic demand variables over the next few years and how rental growth and investment returns will be affected. Concludes that the retail warehouse market is underpinned by strong fundamentals - the occupational supply/demand imbalance - but forecasts that returns will come more in line with the all-property average in 2004-07. Figures cover retail rental growth, retail sales and rents, GVA Grimley retail warehouse rental index, retail warehouse park development, net investment in retail warehouses and commercial property equivalent yields. References. |
| 590 ## - LOCAL NOTE (RLIN) | |
| Local note | ABS |
| 650 ## - SUBJECT ADDED ENTRY--TOPICAL TERM | |
| Topical term or geographic name entry element | RETAIL WAREHOUSES |
| 650 ## - SUBJECT ADDED ENTRY--TOPICAL TERM | |
| Topical term or geographic name entry element | OCCUPATIONAL DEMAND |
| 650 ## - SUBJECT ADDED ENTRY--TOPICAL TERM | |
| Topical term or geographic name entry element | SUPPLY |
| 650 ## - SUBJECT ADDED ENTRY--TOPICAL TERM | |
| Topical term or geographic name entry element | RENTAL GROWTH |
| 650 ## - SUBJECT ADDED ENTRY--TOPICAL TERM | |
| Topical term or geographic name entry element | YIELDS |
| 650 ## - SUBJECT ADDED ENTRY--TOPICAL TERM | |
| Topical term or geographic name entry element | CONSUMER EXPENDITURE |
| 650 ## - SUBJECT ADDED ENTRY--TOPICAL TERM | |
| Topical term or geographic name entry element | BULKY GOODS |
| 650 ## - SUBJECT ADDED ENTRY--TOPICAL TERM | |
| Topical term or geographic name entry element | PLANNING POLICY |
| 690 ## - LOCAL SUBJECT ADDED ENTRY--TOPICAL TERM (OCLC, RLIN) | |
| Topical term or geographic name as entry element | PROPERTY-COMMERCIAL PROPERTY-COMMERCIAL PROPERTY FINANCE AND INVESTMENT |
| 942 ## - ADDED ENTRY ELEMENTS (KOHA) | |
| Suppress in OPAC | 0 |
| Withdrawn status | Lost status | Source of classification or shelving scheme | Damaged status | Not for loan | Home library | Current library | Shelving location | Date acquired | Total Checkouts | Full call number | Barcode | Date last seen | Copy number | Price effective from | Koha item type |
|---|---|---|---|---|---|---|---|---|---|---|---|---|---|---|---|
| Dewey Decimal Classification | London | London | Journal article | 28/10/2003 | ABS67141 | 124069-1001 | 06/08/2019 | 1 | 06/08/2019 | Journal article |